Entre dos fuegos. : Inglaterra, Rusia, Hitler /

Guardado en:
Autor Principal: Diaz Doin, Guillermo.
Formato: Libro
Idioma:Undetermined
Publicado: Buenos Aires : Aniceto Lopez editor., 1942.
Materias:
Etiquetas: Agregar Etiqueta
Sin Etiquetas, Sea el primero en etiquetar este registro!
LEADER 00558nam a22001575a 4500
001 EHU.bham047721
005 20110802092745.0
008 110802s1942####ag############000#0#und#d
100 1 |a Diaz Doin, Guillermo. 
245 0 0 |a Entre dos fuegos. :  |b Inglaterra, Rusia, Hitler /  |c Guillermo Diaz Doin. 
260 |a Buenos Aires :  |b Aniceto Lopez editor.,  |c 1942. 
300 |a 159 p. 
653 |a Historia contemporánea. 
653 |a Política de apaciguamiento. 
653 |a Alianza anglo-soviética. 
859 |a AR-BHAM  |b BIB. HUMANIDADES - Donacion Lejarraga  |h MFN001940  |p 001940.19